America : (Record no. 16719)
[ view plain ]
| 000 -LEADER | |
|---|---|
| fixed length control field | 00549cam a2200205 a 4500 |
| 020 ## - INTERNATIONAL STANDARD BOOK NUMBER | |
| ISBN | 0393973395 |
| 020 ## - INTERNATIONAL STANDARD BOOK NUMBER | |
| ISBN | 9780393973396 |
| 020 ## - INTERNATIONAL STANDARD BOOK NUMBER | |
| ISBN | 0393973492 |
| 020 ## - INTERNATIONAL STANDARD BOOK NUMBER | |
| ISBN | 9780393973495 |
| 020 ## - INTERNATIONAL STANDARD BOOK NUMBER | |
| ISBN | 0393974421 |
| 020 ## - INTERNATIONAL STANDARD BOOK NUMBER | |
| ISBN | 9780393974423 |
| 040 ## - CATALOGING SOURCE | |
| Transcribing agency | DLC |
| 082 00 - DEWEY DECIMAL CLASSIFICATION NUMBER | |
| Classification number | 973 TIN 1999 A114 Or. |
| 100 1# - MAIN ENTRY--AUTHOR NAME | |
| Personal name | Tindall, George Brown |
| 245 10 - TITLE STATEMENT | |
| Title | America : |
| Remainder of title | a narrative history / |
| 250 ## - EDITION STATEMENT | |
| Edition statement | Fifth edition |
| 300 ## - PHYSICAL DESCRIPTION | |
| Number of Pages | 2 volumes (xxi, 1, 690 pages, 226 unnumbered pages) : |
| Other physical details | illustrations, maps ; |
| Dimensions | 24 cm |
| 700 1# - ADDED ENTRY--PERSONAL NAME | |
| Personal name | Shi, David E |
| 942 ## - ADDED ENTRY ELEMENTS (KOHA) | |
| Koha item type | សៀវភៅភាសាអង់គ្លេស |
| 952 ## - LOCATION AND ITEM INFORMATION (KOHA) | |
| Withdrawn status [LOCAL, KOHA] | 0 |
| Permanent Location | Date acquired | Koha item type | Lost status | Shelving location | Barcode | Current Location | Full call number |
|---|---|---|---|---|---|---|---|
| Library Block A | 2018-03-28 | សៀវភៅភាសាអង់គ្លេស | A087 | A18946 | Library Block A | 973 TIN 1999 A087 Or. |